Normal view
MARC view
Entry Personal Name
001 - CONTROL NUMBER
- control field: 5084
003 - CONTROL NUMBER IDENTIFIER
- control field: ARRUPE
005 - DATE AND TIME OF LATEST TRANSACTION
- control field: 20131204113204.0
008 - FIXED-LENGTH DATA ELEMENTS
- fixed length control field: 131204|| aca||aabn | a|a d
040 ## - CATALOGING SOURCE
- Original cataloging agency: ARRUPE
- Transcribing agency: ARRUPE
100 ## - HEADING--PERSONAL NAME
- Personal name: Selby, John Millin
670 ## - SOURCE DATA FOUND
- Source citation: Work cat.: (ARRUPE): Selby, John Millin, Shaka's heirs, 1971